| 000 | 00470cam a2200169ua 4500 | ||
|---|---|---|---|
| 041 |
_aeng _h |
||
| 082 |
_a028.75011 _bSRI/BI |
||
| 100 | _aSrivastava, N.S.L . | ||
| 245 | 0 | 0 |
_aBibliography on draught animal power / _cN.S.L.Srivastava. _hTextual Documents |
| 260 |
_aBhopal : _bCentral Institute of Agricultural Engineering , _c1987. |
||
| 300 | _a96 ; . | ||
| 504 | _a | ||
| 700 | 1 | _aGanesan, S . | |
| 700 | 1 | _aYadava, G.C . | |
| 942 | _cBK | ||
| 999 |
_c8870 _d8870 |
||